Intelligent Logistics in Business Practise

Salvato in:
Dettagli Bibliografici
Autore principale: Majerník, Milan, 1952-
Altri autori: Malindžáková, Marcela, Štofková, Jana, Edl, Milan, Dietrich, Christian
Natura: Libro
Lingua:inglese
Pubblicazione: Lüdenscheid RAM-Verlag 2022
Edizione:1st Edition
Soggetti:
Tags: Aggiungi Tag
Nessun Tag, puoi essere il primo ad aggiungerne!!

MARC

LEADER 00000nam a2200000 4500
001 0289297
005 20240502083927.2
020 |a 978-3-96595-025-2 
041 0 |a eng 
044 |a DE 
245 1 0 |a Intelligent Logistics in Business Practise  |c Milan Majerník - Marcela Malindžáková ; Reviewers: Jana Štofková, Milan Edl, Christian Dietrich 
250 |a 1st Edition 
264 1 |a Lüdenscheid  |b RAM-Verlag  |c 2022 
300 |a 115 s. [6 AH] 
610 2 0 |a logistika 
610 2 0 |a technológie inteligentné 
610 2 0 |a obchod 
610 2 0 |a riadenie reťazcov dodávateľských 
610 2 0 |a stratégia logistická 
610 2 0 |a priemysel 4.0 
610 2 0 |a priemysel 5.0 
100 1 |a Majerník, Milan, 1952- 
700 1 |a Malindžáková, Marcela 
700 1 |a Štofková, Jana 
700 1 |a Edl, Milan 
700 1 |a Dietrich, Christian